Score 0/20 Timer 10:00
0 Plays Today
Hint Answer % Correct
50 feet tall, 540 pounds, first in a series, fits 8,500 cubic feet of heliumAviator Snoopy
82.6%
64 feet tall, 26 feet wide, first videogame balloon, fits 18,900 cubic feet of heliumSonic the Hedgehog
63%
63 feet tall, 24 feet wide, fits 5,200 cubic feet of helium, Muppet mascotKermit the Frog
63%
61 feet long, 35 feet wide, loves eating, filled with 18,907 cubic feet of heliumGarfield
58.7%
72 feet tall, 65 foot tail, 40 foot inner tube, Macy's official lifeguardPink Panther
52.2%
104 feet long, 550 pounds, flies with outstretched arms, 35 feet wideSuperman
52.2%
60 feet tall, 30 feet wide, 440 pounds, a wise-quackerDonald Duck
52.2%
75 feet tall, 45 feet wide, 450 pounds, fits 9,600 cubic feet of heliumWoody Woodpecker
50%
65 feet tall, 35 feet wide, famous sidekick, 23 year veteranBullwinkle Moose
50%
67 feet tall, 38 feet wide, on top of a moon, 425 poundsBetty Boop
47.8%
Hint Answer % Correct
55 feet tall, 26 feet wide, fits 9,000 cubic feet of helium, appeared for 21 paradesLinus the Lion-Hearted
43.5%
57 feet long, 640 pounds, bespeckled genius, fits 21,700 cubic feet of heliumDexter
43.5%
72 feet long, 36 feet wide, 300 pounds, 24-parade veteranHappy Dragon
41.3%
102 feet tall, 35 feet wide, double-character balloon, balloon bouquetOlive Oyl
41.3%
55 feet tall, 33 feet wide, one-shot balloon, Scandinavian bullBumpe
41.3%
68 feet tall, 34 feet wide, bandleader, 520 poundsQuik Bunny
39.1%
58 feet tall, 31 feet wide, U.S. government mascot, returned for his 50th birthdaySmokey Bear
39.1%
63 1/2 feet long, 33 3/4 feet wide, fits 8,000 cubic feet of helium, eternal parade iconUnderdog
37%
120 feet long, vintage balloon, used in hoax, fits 8,300 cubic feet of heliumMorton the Sea Monster
30.4%
62 feet tall, 37 feet wide, 300 pounds, filled with 17,000 cubic feet of heliumBaby Shamu
13%
Remove Ads.
Support Sporcle.
Get the best of Sporcle when you Go Orange. This ad-free experience offers more features, more stats, and more fun while also helping to support Sporcle. Thank you for becoming a member.

You're not logged in!

Compare scores with friends on all Sporcle quizzes.
OR
Log In

Show Comments

Extras

Created Dec 18, 2018ReportNominate
Tags:balloon, Modern History, stat

Top Quizzes Today


Score Distribution

Your Account Isn't Verified!

In order to create a playlist on Sporcle, you need to verify the email address you used during registration. Go to your Sporcle Settings to finish the process.

Report this User

Report this user for behavior that violates our Community Guidelines.

Details: